01032cam a2200253 a 450000100100000000500170001000800410002704000230006808200180009110000410010924500490015026000830019930000210028250500880030350500730039150500760046465000270054065000310056791000280059891000070062604900090063395201210064299900150076300000845620200929161338.0810828s1980 ck 000 f spa d aDO-SdBNPcDLCdDLC aA863.4bC827q1 aCortázar, Julio,d1914-198491068810aQueremos tanto a Glenda /cJulio Cortázar. aBogotá, Colombia :bLa Oveja Negra;aMéxico, D. F. :bNueva Imagen,c1980. a139 p. ;c20 cm.0 aI. Orientación de los gatos. -- Queremos tanto a Glenda. -- Historia con migalas.0 aII. Texto en una libreta. -- Recortes de prensa. -- Tango de vuelta.0 aIII. Clone -- Grafitti -- Historias que me cuento -- Anillo de Moebius. 4aNovela argentina93941 4aLiteratura argentina93860 aCatalogación derivada aWM aBNGR 001054708MOaGRbGRcHDd2009-09-16iLF1l0oA863.4 C827qp8456-10r2020-06-25w2020-06-25y4ZPréstamo en sala c8227d8227